| 000 | 00000cam 2200000zi 4500 |
| 001 | 9.958645 |
| 003 | CaOODSP |
| 005 | 20260112155952 |
| 006 | m o d f |
| 007 | cr mn||||||||| |
| 008 | 251230e202512##onca ob f000 0 fre d |
| 020 | |a9780660978574 |
| 040 | |aCaOODSP|bfre|erda|cCaOODSP |
| 043 | |an-cn--- |
| 086 | 1 |aM4-285/3-2025F-PDF |
| 245 | 02|aL'Initiative interministérielle sur la science inclusive : |blignes directrices en matière de science inclusive pour les ministères et organismes à vocation scientifique. |
| 246 | 10|aLignes directrices en matière de science inclusive pour les ministères et organismes à vocation scientifique |
| 264 | 1|a[Ottawa] : |bGouvernement du Canada = Government of Canada, |cdécembre 2025. |
| 264 | 4|c©2025 |
| 300 | |a1 ressource en ligne (ii, 90 pages) : |billustrations |
| 336 | |atexte|btxt|2rdacontent/fre |
| 337 | |ainformatique|bc|2rdamedia/fre |
| 338 | |aressource en ligne|bcr|2rdacarrier/fre |
| 500 | |aTitre de la couverture. |
| 500 | |aPublié aussi en anglais sous le titre : The Interdepartmental Inclusive Science Initiative : science based departments and agencies inclusive science guidelines. |
| 504 | |aComprend des références bibliographiques (pages 89-90). |
| 520 | |a« Le présent document fournit une orientation générale destinée à soutenir les différents ministères et organismes quand vient le temps d'élaborer des plans, des stratégies ou des cadres qui tiennent compte des pratiques inclusives dans le cadre des activités scientifiques. Ces Lignes directrices constituent une ressource essentielle en matière de science inclusive destinée aux dirigeants, aux scientifiques, aux gestionnaires et employés scientifiques, aux responsables des politiques et à l'ensemble du personnel des MOVS fédéraux. Elles ont été élaborées pour mettre l'accent sur la responsabilité partagée, la transparence et un engagement collectif en faveur d'initiatives scientifiques équitables » -- Page 3. |
| 550 | |aPublié par : Ressources naturelles Canada. |
| 650 | 6|aPolitique scientifique et technique|zCanada|xPlanification. |
| 650 | 6|aSciences|xAspect social|xPolitique gouvernementale|zCanada. |
| 650 | 6|aNationalisme et sciences|xPolitique gouvernementale|zCanada. |
| 650 | 6|aÉgalité (Sociologie)|xPolitique gouvernementale|zCanada. |
| 710 | 1 |aCanada. |bRessources naturelles Canada, |eorganisme de publication. |
| 775 | 08|tThe Interdepartmental Inclusive Science Initiative : |w(CaOODSP)9.958646 |
| 856 | 40|qPDF|s2.11 Mo|uhttps://publications.gc.ca/collections/collection_2026/rncan-nrcan/M4-285-3-2025-fra.pdf |